| 000 | 00578nam a22001937a 4500 | ||
|---|---|---|---|
| 999 |
_c16801 _d16801 |
||
| 003 | OSt | ||
| 005 | 20180411101505.0 | ||
| 008 | 180411b xxu||||| |||| 00| 0 eng d | ||
| 020 | _a9789966364366 | ||
| 040 | _cKABU | ||
| 050 |
_aLB 1139.5 _b.M83 2009 C.1 |
||
| 100 | _aMwangi, W. Willy | ||
| 245 |
_aSocial studies activities: _cWilly W. Mwangi and Rowena M. Shigali |
||
| 260 |
_aNairobi: _bLonghorn; _c2009. |
||
| 300 | _av, 94p. | ||
| 650 |
_aSocial sciences _vStudy and teaching (early childhood) _vActivity programs |
||
| 700 | _aShigali, M. Rowena | ||
| 942 |
_2lcc _cBK |
||